Fr. Conceicao Rodrigues College of Engineering

Elastic-plastic tracture mechanics (Record no. 29121)

MARC details
000 -LEADER
fixed length control field 00310nam a2200133Ia 4500
082 ## - DEWEY DECIMAL CLASSIFICATION NUMBER
Classification number 620.112
100 ## - MAIN ENTRY--PERSONAL NAME
Personal name Parton/ V.Z./ Morozov/ E.M.
245 ## - TITLE STATEMENT
Title Elastic-plastic tracture mechanics
260 ## - PUBLICATION, DISTRIBUTION, ETC.
Name of publisher, distributor, etc. Mir Publishers
Place of publication, distribution, etc. Moscow
Date of publication, distribution, etc. 1978
300 ## - PHYSICAL DESCRIPTION
Extent 427
546 ## - LANGUAGE NOTE
Language note ENGLISH
654 ## - SUBJECT ADDED ENTRY--FACETED TOPICAL TERMS
Focus term mechanics
942 ## - ADDED ENTRY ELEMENTS (KOHA)
Koha item type BOOK
Holdings
Withdrawn status Lost status Damaged status Not for loan Collection Home library Current library Shelving location Date acquired Source of acquisition Cost, normal purchase price Inventory number Total Checkouts Full call number Barcode Date last seen Cost, replacement price Price effective from Koha item type
        AFT Fr. Agnel's C.Rodrigues College of Engineering Fr. Agnel's C.Rodrigues College of Engineering   17/03/2023 LVG 11.75 5381   620.112 AFT2771 17/03/2023 11.75 17/03/2023 BOOK